000 00475nam a2200181Ia 4500
008 090124s9999 xx 000 0 und d
082 _b122085
100 _aजोगळेकर योगिनी
245 _a दसरा
250 _a11
260 _c1987
300 _a193
600 _aजोगळेकर योगिनी
630 _a दसरा
700 _aजोगळेकर योगिनी
730 _a दसरा
942 _cBOOK
999 _c168171
_d168171